Les personnages et créatures magiques de la série Merlin - Statistiques

Statistiques générales
  • Ce quiz a été pris 30 fois
    27 depuis la dernière actualisation
  • Le résultat moyen est 11 sur 32
Statistiques - réponses
### Personnages % Correct
### Merlin
100%
### Arthur
95%
### Gaius
95%
### Mordred
95%
### Morgane
95%
### Uther
95%
### Guenièvre
89%
### Lancelot
84%
### Perceval
79%
### Gauvain
68%
### Léon
53%
### Elyan
37%
### Kilgharrah
26%
### Viviane
21%
### Aithusa
16%
### Griffon
16%
### Balínor
11%
### Alator
5%
### Cenred
5%
### Roi Odin
5%
### Agravaine
0%
### Aredian
0%
### Banshee
0%
### Dorocha
0%
### Geoffroy
0%
### Goblins
0%
### Helios
0%
### Hunith
0%
### Lamias
0%
### Manticores
0%
### Serket
0%
### Sigan
0%
Aucun quiz correspondant
Distribution des résultats
% des personnes avec chaque résultat
Percentile par nombre de réponses
Votre historique - résultats
Vous n’avez pas pris ce quiz depuis la dernière actualisation